<?xml version="1.0" encoding="UTF-8"?>
<record
    xmlns:xsi="http://www.w3.org/2001/XMLSchema-instance"
    xsi:schemaLocation="http://www.loc.gov/MARC21/slim http://www.loc.gov/standards/marcxml/schema/MARC21slim.xsd"
    xmlns="http://www.loc.gov/MARC21/slim">

  <leader>02395nam a22002177a 4500</leader>
  <controlfield tag="005">20260128110018.0</controlfield>
  <controlfield tag="008">240917b           ||||| |||| 00| 0 eng d</controlfield>
  <datafield tag="020" ind1=" " ind2=" ">
    <subfield code="a">9780670090501</subfield>
  </datafield>
  <datafield tag="040" ind1=" " ind2=" ">
    <subfield code="c">AL</subfield>
  </datafield>
  <datafield tag="041" ind1=" " ind2=" ">
    <subfield code="a">English</subfield>
  </datafield>
  <datafield tag="082" ind1=" " ind2=" ">
    <subfield code="2">23</subfield>
    <subfield code="a">920</subfield>
    <subfield code="b">RAME</subfield>
  </datafield>
  <datafield tag="100" ind1=" " ind2=" ">
    <subfield code="a">Aparajith Ramnath</subfield>
    <subfield code="9">252921</subfield>
  </datafield>
  <datafield tag="245" ind1=" " ind2=" ">
    <subfield code="a">Engineering a Nation </subfield>
    <subfield code="b">: The Life and Career of M Visvesvarya 1861-1962</subfield>
  </datafield>
  <datafield tag="260" ind1=" " ind2=" ">
    <subfield code="a">Haryana</subfield>
    <subfield code="b">Penguin Random House India Pvt Ltd</subfield>
    <subfield code="c">2024</subfield>
  </datafield>
  <datafield tag="300" ind1=" " ind2=" ">
    <subfield code="a">737p</subfield>
    <subfield code="b">HB</subfield>
    <subfield code="c">24x16cm</subfield>
  </datafield>
  <datafield tag="365" ind1=" " ind2=" ">
    <subfield code="a">3641</subfield>
    <subfield code="b">&#x20B9;1040.00</subfield>
    <subfield code="c">&#x20B9;</subfield>
    <subfield code="d">&#x20B9;1299.00</subfield>
    <subfield code="e">20%</subfield>
    <subfield code="f">06-09-2024</subfield>
  </datafield>
  <datafield tag="520" ind1=" " ind2=" ">
    <subfield code="a">Mokshagundam Visvesvaraya (1861&#x2013;1962) was arguably the most famous Indian engineer of the twentieth century. And yet he was also much more. To this day, much in India bears the imprint of Visvesvaraya&#x2019;s work&#x2014;not only as civil engineer, but also as public administrator, constitutional analyst and development thinker. Sugarcane farmers in Maharashtra and Karnataka, picknickers in the Brindavan Gardens alongside the Krishnarajasagara dam near Mysore, and city dwellers across the country who enjoy a piped water supply are all partaking of Visvesvaraya&#x2019;s legacy. So are students in Bengaluru&#x2019;s Indian Institute of Science and Mumbai&#x2019;s Institute of Chemical Technology, consumers who swear by Mysore Sandal Soap, and anyone who has lived through Independent India&#x2019;s Five-Year Plans.
Visvesvaraya was an early proponent of economic planning and rapid, large-scale industrialization, which he believed were essential for national development. Most of all, he was an ardent technocrat: a believer in the power of science and technology to solve society&#x2019;s most pressing problems. In his time, his ideas were both lauded and criticised. Technocratic visions are once more at the centre of public discourse today: as in Visvesvaraya&#x2019;s day, they hold much promise, but also have important limitations.
In Engineering a Nation, Aparajith Ramnath delves into a wide range of sources to paint a balanced picture of a man who has come to be regarded as a national icon. Throughout, he explores the professional and intellectual relationships that shaped Visvesvaraya, and highlights the historical context in which he worked. To explore Visvesvaraya&#x2019;s life, the book argues, is to understand the emergence of the Indian nation itself.</subfield>
  </datafield>
  <datafield tag="650" ind1=" " ind2=" ">
    <subfield code="a">Non fiction</subfield>
    <subfield code="9">179263</subfield>
  </datafield>
  <datafield tag="650" ind1=" " ind2=" ">
    <subfield code="a">Biography</subfield>
    <subfield code="9">179264</subfield>
  </datafield>
  <datafield tag="942" ind1=" " ind2=" ">
    <subfield code="2">ddc</subfield>
    <subfield code="c">BK</subfield>
  </datafield>
  <datafield tag="999" ind1=" " ind2=" ">
    <subfield code="c">231816</subfield>
    <subfield code="d">231816</subfield>
  </datafield>
  <datafield tag="952" ind1=" " ind2=" ">
    <subfield code="0">0</subfield>
    <subfield code="1">0</subfield>
    <subfield code="2">ddc</subfield>
    <subfield code="4">0</subfield>
    <subfield code="7">0</subfield>
    <subfield code="8">ELE</subfield>
    <subfield code="a">AL</subfield>
    <subfield code="b">AL</subfield>
    <subfield code="d">2024-09-13</subfield>
    <subfield code="e">Biblios Book Point Surathkal Mangalore 575014</subfield>
    <subfield code="g">1040.00</subfield>
    <subfield code="l">0</subfield>
    <subfield code="o">920 RAME</subfield>
    <subfield code="p">077330</subfield>
    <subfield code="r">2024-09-17 00:00:00</subfield>
    <subfield code="v">1299.00</subfield>
    <subfield code="w">2024-09-17</subfield>
    <subfield code="y">BK</subfield>
  </datafield>
</record>
